00813cam a22002294a 4500001000500000005001700005020001500022040002300037050001200060082000800072100002600080245014900106250004000255260003400295300004700329505000800376520007900384521002000463521002000483650004100503700003900544274320250813085702.0 a043928368X aDLCcDLCdDLCbeng00aDT62.M700a9321 aStewart, Davidd1954-10aYou wouldn't want to be an Egyptian mummy! :bdisgusting things you'd rather not know /cwritten by David Stewart ; illustrated by David Antram. aFirst Scholastic printing, May 2001 aNew York :bScholastic,c2001 a32 pages :bcolor illustrations ; c25 cm. aZ  aA light-hearted approach to the process of mummification in ancient Egypt. a950 bLexile  aZ bRaz-Plus  0aMummieszEgyptvJuvenile literature.1 aAntram, Davidd1958-eillustrator